000 00646nam a22002053 4500
001 200749
021 _bM. 15.002-1964
090 _a200749
100 _a20260225d u||y0pory50 ba
200 _aJustificacin̤ de la Filosofa̕
_fTheodor W. Adorno
_gtraduccin̤ del P. Jesus Aguirre
210 _aMadrid
_cTaurus Ediciones
_dcop. 1964
215 _a68, [1] p.
_cbrochado
_d18 cm
225 _aCuadernos taurus
_fDirector P. Jess͠ Aguirre
_v60
606 _932
_aFilosofia
675 _a1
_vPT
_zpor
700 _910676
_aAdorno
_bTheodor W.
_f1903 - 1969
702 _916507
_aAguirre
_bP. Jesus
801 _aPT
_bBMMN
_gRPC
830 _cAna
_fAna
990 _cLIVROS